| 000 | 00444nam a2200169Ia 4500 | ||
|---|---|---|---|
| 005 | 20250220165320.0 | ||
| 008 | 231217s9999 xx 000 0 und d | ||
| 020 | _a9788131411612 | ||
| 082 | _a331.12791 RAM;1 R | ||
| 100 | _aRamani, V V ed. | ||
| 245 | 0 | _aBrain drain : challenges and oppurtunities | |
| 250 | _a1st ed. | ||
| 260 |
_c2007 _bIcfai _aHyderabad |
||
| 300 | _aix, 219 | ||
| 650 | _aBrain,drain,oppurtunities | ||
| 942 | _cAA | ||
| 999 |
_c186824 _d186824 |
||